000 00434nam a2200181Ia 4500
005 20250603145038.0
008 250603s9999 xx 000 0 und d
020 _a1740911105
050 _aJQ 4011 .G68/
245 0 _aGovernment, politics, power and policy in Australia
250 _a9th ed.
260 _aAustralia
260 _bPearson Education
260 _c2010
300 _a564 p
650 _aAustralia
942 _cBK
999 _c40710
_d40710